000
00276nam a2200121 a 4500
005
20141022142006.0
008
080925s19uu xx 00 eng d
050
_a
VCD
_b
W52 2001
245
_a
West side story.
650
_a
VCD.
650
_a
West side story.
942
_c
AVM
999
_c
276510
_d
276510